International routes from London Stansted International Airport (STN) - Statistics

General Stats
  • This quiz has been taken 11 times
  • The average score is 80 of 111
Answer Stats
Airline International Route Country % Correct
Air Algerie Algiers Algeria
100%
Jet2.com Athens Greece
100%
Royal Air Maroc Casablanca Morocco
100%
Jet2.com Corfu Greece
100%
TUI Airways Corfu Greece
100%
Emirates Dubai-International United Arab Emirates
100%
British Airways Geneva Switzerland
100%
easyJet Geneva Switzerland
100%
Jet2.com Geneva Switzerland
100%
Turkish Airlines Istanbul Turkiye
100%
AJet Istanbul-Saibha Gocken Turkiye
100%
Pegasus Airlines Istanbul-Saibha Gocken Turkiye
100%
Jet2.com Palma de Mallorca Spain
100%
TUI Airways Palma de Mallorca Spain
100%
easyJet Paris-Charles de Gaulle France
100%
Jet2.com Vienna Austria
100%
Royal Jordanian Amman Jordan
90%
easyJet Amsterdam Netherlands
90%
AJet Ankara Turkiye
90%
FlyOne Chisinau Moldova
90%
HiSky Chisinau Moldova
90%
Jet2.com Gran Canaria Spain
90%
TUI Airways Gran Canaria Spain
90%
TUI Airways Innsbruck Austria
90%
Jet2.com Izmir Turkiye
90%
Pegasus Airlines Izmir Turkiye
90%
Sun Express Izmir Turkiye
90%
Jet2.com Krakow Poland
90%
Jet2.com Marrakesh Morocco
90%
Jet2.com Naples Italy
90%
Jet2.com Prague Czechia
90%
Jet2.com Rhodes Greece
90%
TUI Airways Rhodes Greece
90%
Jet2.com Rome-Fiumicino Italy
90%
Arika Tel Aviv Israel
90%
Jet2.com Tenerife-South Spain
90%
TUI Airways Tenerife-South Spain
90%
Jet2.com Thessaloniki Greece
90%
easyJet Zurich Switzerland
90%
Jet2.com Agadir Morocco
80%
Corendon Airlines Antalya Turkiye
80%
Jet2.com Antalya Turkiye
80%
Pegasus Airlines Antalya Turkiye
80%
Sun Express Antalya Turkiye
80%
Jet2.com Dubrovnik Croatia
80%
Jet2.com Faro Portugal
80%
British Airways Florence Italy
80%
Jet2.com Heraklion Greece
80%
TUI Airways Heraklion Greece
80%
British Airways Ibiza Spain
80%
Jet2.com Ibiza Spain
80%
TUI Airways Ibiza Spain
80%
Jet2.com La Palma Spain
80%
British Airways Nice France
80%
Jet2.com Sharm El Sheikh Egypt
80%
TUI Airways Sharm El Sheikh Egypt
80%
Jet2.com Split Croatia
80%
TUI Airways Turin Italy
80%
Jet2.com Alicante Spain
70%
AJet Bodrum Turkiye
70%
Jet2.com Bodrum Turkiye
70%
Jet2.com Burgas Bulgaria
70%
Jet2.com Chania Greece
70%
Jet2.com Fuerteventura Spain
70%
Jet2.com Kos Greece
70%
TUI Airways Kos Greece
70%
Jet2.com Larnaca Cyprus
70%
Jet2.com Paphos Cyprus
70%
TUI Airways Paphos Greece
70%
Jet2.com Salzburg Austria
70%
TUI Airways Salzburg Austria
70%
Jet2.com Santorini Greece
70%
Jet2.com Skiathos Greece
70%
Jet2.com Verona Italy
70%
TUI Airways Verona Italy
70%
Jet2.com Dalaman Turkiye
60%
TUI Airways Enfidha Tunisia
60%
Pegasus Airlines Gaziantep Turkiye
60%
Sun Express Gaziantep Turkiye
60%
Jet2.com Kalamata Greece
60%
Jet2.com Kefalonia Greece
60%
TUI Airways Kefalonia Greece
60%
Jet2.com Lanzarote Spain
60%
Jet2.com Malaga Spain
60%
Jet2.com Menorca Spain
60%
TUI Airways Menorca Spain
60%
Jet2.com Valetta Malta
60%
Jet2.com Zakynthos Greece
60%
TUI Airways Zakynthos Greece
60%
Jet2.com Almeria Spain
50%
Jet2.com Catania Spain
50%
Jet2.com Girona Spain
50%
Jet2.com Grenoble France
50%
Jet2.com Hurghada Egypt
50%
Sun Express Kayseri Turkiye
50%
British Airways Olbia Italy
50%
Jet2.com Olbia Italy
50%
Jet2.com Preveza Greece
50%
Jet2.com Tivat Montenegro
50%
Pegasus Airlines Adana Turkiye
40%
Sun Express Adana Turkiye
40%
Jet2.com Jerez de la Frontera Spain
40%
Jet2.com Samos Greece
40%
British Airways Chambery France
30%
Jet2.com Chambery France
30%
TUI Airways Chambery France
30%
Jet2.com Kavala Greece
30%
Jet2.com Mytilene Greece
20%
HiSky Oradea Romania
10%
British Airways Bergarac France
0%
Jet2.com Starsbourg France
0%
No matching quizzes found
Score Distribution
Percent of People with Each Score
Percentile by Number Answered
Your Score History
You have not taken this quiz